<?xml version="1.0" encoding="UTF-8"?>
<collection xmlns="http://www.loc.gov/MARC21/slim">
 <record>
  <leader>03908nam a22008297a 4500</leader>
  <controlfield tag="001">000175742</controlfield>
  <controlfield tag="003">CZ-PrVSE</controlfield>
  <controlfield tag="005">20240520132256.0</controlfield>
  <controlfield tag="007">ta</controlfield>
  <controlfield tag="008">100908s2010    xr d   frbi   001 0 cze d</controlfield>
  <datafield tag="015" ind1=" " ind2=" ">
   <subfield code="a">cnb002104309</subfield>
  </datafield>
  <datafield tag="020" ind1=" " ind2=" ">
   <subfield code="a">978-80-7400-195-6</subfield>
   <subfield code="q">(brož.)</subfield>
  </datafield>
  <datafield tag="035" ind1=" " ind2=" ">
   <subfield code="a">(OCoLC)670478711</subfield>
  </datafield>
  <datafield tag="040" ind1=" " ind2=" ">
   <subfield code="a">ABA006</subfield>
   <subfield code="b">cze</subfield>
   <subfield code="c">ABA006</subfield>
   <subfield code="d">ABA006</subfield>
  </datafield>
  <datafield tag="072" ind1=" " ind2="7">
   <subfield code="a">330.5+338</subfield>
   <subfield code="x">Národní hospodářství a hospodářská politika</subfield>
   <subfield code="2">Konspekt</subfield>
   <subfield code="9">4</subfield>
  </datafield>
  <datafield tag="072" ind1=" " ind2="9">
   <subfield code="a">339</subfield>
   <subfield code="x">Macroeconomics and related topics</subfield>
   <subfield code="2">Conspectus</subfield>
   <subfield code="9">4</subfield>
  </datafield>
  <datafield tag="080" ind1=" " ind2=" ">
   <subfield code="a">330.35</subfield>
   <subfield code="2">MRF_2003</subfield>
  </datafield>
  <datafield tag="080" ind1=" " ind2=" ">
   <subfield code="a">502.131.1</subfield>
   <subfield code="2">MRF_2003</subfield>
  </datafield>
  <datafield tag="080" ind1=" " ind2=" ">
   <subfield code="a">332.055.2</subfield>
   <subfield code="2">MRF_2003</subfield>
  </datafield>
  <datafield tag="080" ind1=" " ind2=" ">
   <subfield code="a">316.422</subfield>
   <subfield code="2">MRF_2014</subfield>
  </datafield>
  <datafield tag="080" ind1=" " ind2=" ">
   <subfield code="a">36</subfield>
   <subfield code="2">MRF_2003</subfield>
  </datafield>
  <datafield tag="080" ind1=" " ind2=" ">
   <subfield code="a">338.2</subfield>
   <subfield code="2">MRF_2003</subfield>
  </datafield>
  <datafield tag="080" ind1=" " ind2=" ">
   <subfield code="a">339.926</subfield>
   <subfield code="2">MRF_2003</subfield>
  </datafield>
  <datafield tag="080" ind1=" " ind2=" ">
   <subfield code="a">341.171(4)</subfield>
   <subfield code="2">MRF_2003</subfield>
  </datafield>
  <datafield tag="080" ind1=" " ind2=" ">
   <subfield code="a">(4)</subfield>
   <subfield code="2">MRF_2003</subfield>
  </datafield>
  <datafield tag="080" ind1=" " ind2=" ">
   <subfield code="a">(048.8:082)</subfield>
   <subfield code="2">MRF_2003</subfield>
  </datafield>
  <datafield tag="099" ind1=" " ind2="9">
   <subfield code="a">338.2JEN</subfield>
  </datafield>
  <datafield tag="100" ind1="1" ind2=" ">
   <subfield code="a">Jeníček, Vladimír,</subfield>
   <subfield code="d">1932-</subfield>
   <subfield code="7">jk01051452</subfield>
   <subfield code="4">aut</subfield>
  </datafield>
  <datafield tag="245" ind1="1" ind2="0">
   <subfield code="a">Vyvážený rozvoj :</subfield>
   <subfield code="b">na globální a regionální úrovni /</subfield>
   <subfield code="c">Vladimír Jeníček a kol.</subfield>
  </datafield>
  <datafield tag="246" ind1="3" ind2="3">
   <subfield code="a">Vyvážený rozvoj na globální a regionální úrovni</subfield>
  </datafield>
  <datafield tag="250" ind1=" " ind2=" ">
   <subfield code="a">Vyd. 1.</subfield>
  </datafield>
  <datafield tag="260" ind1=" " ind2=" ">
   <subfield code="a">Praha :</subfield>
   <subfield code="b">C.H. Beck,</subfield>
   <subfield code="c">2010</subfield>
  </datafield>
  <datafield tag="300" ind1=" " ind2=" ">
   <subfield code="a">132 s. :</subfield>
   <subfield code="b">il.</subfield>
  </datafield>
  <datafield tag="490" ind1="1" ind2=" ">
   <subfield code="a">Beckova edice ekonomie</subfield>
  </datafield>
  <datafield tag="504" ind1=" " ind2=" ">
   <subfield code="a">Obsahuje bibliografii a rejstřík</subfield>
  </datafield>
  <datafield tag="650" ind1="0" ind2="7">
   <subfield code="a">ekonomický růst</subfield>
   <subfield code="7">ph114429</subfield>
   <subfield code="2">czenas</subfield>
  </datafield>
  <datafield tag="650" ind1="0" ind2="7">
   <subfield code="a">udržitelný rozvoj</subfield>
   <subfield code="7">ph126768</subfield>
   <subfield code="2">czenas</subfield>
  </datafield>
  <datafield tag="650" ind1="0" ind2="7">
   <subfield code="a">regionální rozvoj</subfield>
   <subfield code="7">ph125083</subfield>
   <subfield code="2">czenas</subfield>
  </datafield>
  <datafield tag="650" ind1="0" ind2="7">
   <subfield code="a">globalizace</subfield>
   <subfield code="7">ph120568</subfield>
   <subfield code="2">czenas</subfield>
  </datafield>
  <datafield tag="650" ind1="0" ind2="7">
   <subfield code="a">sociální politika</subfield>
   <subfield code="7">ph116210</subfield>
   <subfield code="2">czenas</subfield>
  </datafield>
  <datafield tag="650" ind1="0" ind2="7">
   <subfield code="a">hospodářská politika</subfield>
   <subfield code="7">ph114701</subfield>
   <subfield code="2">czenas</subfield>
  </datafield>
  <datafield tag="650" ind1="0" ind2="7">
   <subfield code="a">politika soudržnosti</subfield>
   <subfield code="7">ph297034</subfield>
   <subfield code="2">czenas</subfield>
  </datafield>
  <datafield tag="650" ind1="0" ind2="7">
   <subfield code="a">evropské právo</subfield>
   <subfield code="7">ph121776</subfield>
   <subfield code="2">czenas</subfield>
  </datafield>
  <datafield tag="651" ind1=" " ind2="7">
   <subfield code="a">země Evropské unie</subfield>
   <subfield code="7">ge131521</subfield>
   <subfield code="2">czenas</subfield>
  </datafield>
  <datafield tag="655" ind1=" " ind2="7">
   <subfield code="a">kolektivní monografie</subfield>
   <subfield code="7">fd501537</subfield>
   <subfield code="2">czenas</subfield>
  </datafield>
  <datafield tag="650" ind1="0" ind2="9">
   <subfield code="a">economic development</subfield>
   <subfield code="2">eczenas</subfield>
  </datafield>
  <datafield tag="650" ind1="0" ind2="9">
   <subfield code="a">sustainable development</subfield>
   <subfield code="2">eczenas</subfield>
  </datafield>
  <datafield tag="650" ind1="0" ind2="9">
   <subfield code="a">regional development</subfield>
   <subfield code="2">eczenas</subfield>
  </datafield>
  <datafield tag="650" ind1="0" ind2="9">
   <subfield code="a">globalization</subfield>
   <subfield code="2">eczenas</subfield>
  </datafield>
  <datafield tag="650" ind1="0" ind2="9">
   <subfield code="a">social policy</subfield>
   <subfield code="2">eczenas</subfield>
  </datafield>
  <datafield tag="650" ind1="0" ind2="9">
   <subfield code="a">economic policy</subfield>
   <subfield code="2">eczenas</subfield>
  </datafield>
  <datafield tag="650" ind1="0" ind2="9">
   <subfield code="a">cohesion policy</subfield>
   <subfield code="2">eczenas</subfield>
  </datafield>
  <datafield tag="650" ind1="0" ind2="9">
   <subfield code="a">European law</subfield>
   <subfield code="2">eczenas</subfield>
  </datafield>
  <datafield tag="651" ind1=" " ind2="9">
   <subfield code="a">European Union countries</subfield>
   <subfield code="2">eczenas</subfield>
  </datafield>
  <datafield tag="655" ind1=" " ind2="9">
   <subfield code="a">collective monographs</subfield>
   <subfield code="2">eczenas</subfield>
  </datafield>
  <datafield tag="830" ind1=" " ind2="0">
   <subfield code="a">Beckova edice ekonomie</subfield>
  </datafield>
  <datafield tag="975" ind1="1" ind2=" ">
   <subfield code="a">Abrhám, Josef</subfield>
   <subfield code="7">mzk2007430836</subfield>
   <subfield code="4">oth</subfield>
  </datafield>
  <datafield tag="975" ind1="1" ind2=" ">
   <subfield code="a">Švarc, Zbyněk,</subfield>
   <subfield code="d">1950-</subfield>
   <subfield code="7">xx0009447</subfield>
   <subfield code="4">oth</subfield>
  </datafield>
  <datafield tag="975" ind1="1" ind2=" ">
   <subfield code="a">Trávníčková, Zuzana,</subfield>
   <subfield code="d">1977-</subfield>
   <subfield code="7">js20061013015</subfield>
   <subfield code="4">oth</subfield>
  </datafield>
  <datafield tag="975" ind1="1" ind2=" ">
   <subfield code="a">Zemanová, Štěpánka,</subfield>
   <subfield code="d">1975-</subfield>
   <subfield code="7">js20020422004</subfield>
   <subfield code="4">oth</subfield>
  </datafield>
  <datafield tag="993" ind1=" " ind2=" ">
   <subfield code="a">004294456</subfield>
  </datafield>
  <datafield tag="911" ind1=" " ind2=" ">
   <subfield code="a">ABA001</subfield>
   <subfield code="d">zdigitalizováno</subfield>
   <subfield code="u">http://krameriusndk.nkp.cz/search/handle/uuid:beaad590-6c80-11e7-aab4-005056827e52</subfield>
  </datafield>
  <datafield tag="911" ind1=" " ind2=" ">
   <subfield code="a">BOA001</subfield>
   <subfield code="d">zdigitalizováno</subfield>
   <subfield code="u">http://krameriusndk.mzk.cz/search/handle/uuid:beaad590-6c80-11e7-aab4-005056827e52</subfield>
  </datafield>
  <datafield tag="996" ind1=" " ind2=" ">
   <subfield code="1">HPUVV</subfield>
   <subfield code="3">A 8834-V1</subfield>
   <subfield code="4">N:P</subfield>
   <subfield code="5">4202132522</subfield>
   <subfield code="8">20100923</subfield>
   <subfield code="9">338.2JEN</subfield>
   <subfield code="f">81</subfield>
   <subfield code="l">UEP01</subfield>
   <subfield code="m">BOOK</subfield>
   <subfield code="q">Knihovna FM JH volný výběr</subfield>
   <subfield code="t">na 1 měsíc</subfield>
   <subfield code="u">UEP01</subfield>
  </datafield>
  <datafield tag="996" ind1=" " ind2=" ">
   <subfield code="1">PJMHS</subfield>
   <subfield code="3">F207213b</subfield>
   <subfield code="4">N:P</subfield>
   <subfield code="5">3142246203</subfield>
   <subfield code="8">20100908</subfield>
   <subfield code="9">338.2JEN</subfield>
   <subfield code="f">81</subfield>
   <subfield code="g">24966</subfield>
   <subfield code="l">UEP01</subfield>
   <subfield code="m">BOOK</subfield>
   <subfield code="q">Studovna JM</subfield>
   <subfield code="t">na 1 měsíc</subfield>
   <subfield code="u">UEP01</subfield>
   <subfield code="w">20110405</subfield>
  </datafield>
  <datafield tag="996" ind1=" " ind2=" ">
   <subfield code="1">PKPE</subfield>
   <subfield code="3">F207213c</subfield>
   <subfield code="4">N:P</subfield>
   <subfield code="5">3142267862</subfield>
   <subfield code="8">20130703</subfield>
   <subfield code="9">338.2JEN</subfield>
   <subfield code="f">83</subfield>
   <subfield code="g">36505</subfield>
   <subfield code="l">UEP01</subfield>
   <subfield code="m">BOOK</subfield>
   <subfield code="q">KSG</subfield>
   <subfield code="s">DISLOK: Krause, Josef - ISIS16986</subfield>
   <subfield code="t">na dislokovaném</subfield>
   <subfield code="u">UEP01</subfield>
   <subfield code="w">20130812</subfield>
  </datafield>
  <datafield tag="996" ind1=" " ind2=" ">
   <subfield code="1">PKREG</subfield>
   <subfield code="3">F207213d</subfield>
   <subfield code="4">N:P</subfield>
   <subfield code="5">3142275921</subfield>
   <subfield code="8">20140603</subfield>
   <subfield code="9">338.2JEN</subfield>
   <subfield code="f">83</subfield>
   <subfield code="g">39203</subfield>
   <subfield code="l">UEP01</subfield>
   <subfield code="m">BOOK</subfield>
   <subfield code="q">KREG</subfield>
   <subfield code="s">DISLOK: Pělucha, Martin - ISIS38674</subfield>
   <subfield code="t">na dislokovaném</subfield>
   <subfield code="u">UEP01</subfield>
   <subfield code="w">20140619</subfield>
  </datafield>
  <datafield tag="996" ind1=" " ind2=" ">
   <subfield code="1">PSKLA</subfield>
   <subfield code="3">F207213a</subfield>
   <subfield code="4">N:P</subfield>
   <subfield code="5">3142246202</subfield>
   <subfield code="8">20100908</subfield>
   <subfield code="9">338.2JEN</subfield>
   <subfield code="f">81</subfield>
   <subfield code="g">24966</subfield>
   <subfield code="l">UEP01</subfield>
   <subfield code="m">BOOK</subfield>
   <subfield code="q">Knihovna Žižkov - sklad</subfield>
   <subfield code="t">na 1 měsíc</subfield>
   <subfield code="u">UEP01</subfield>
   <subfield code="w">20110311</subfield>
  </datafield>
  <datafield tag="996" ind1=" " ind2=" ">
   <subfield code="1">PSKLA</subfield>
   <subfield code="3">F207213e</subfield>
   <subfield code="4">N:náhrada</subfield>
   <subfield code="5">3142368209</subfield>
   <subfield code="8">20240514</subfield>
   <subfield code="9">338.2JEN</subfield>
   <subfield code="f">81</subfield>
   <subfield code="l">UEP01</subfield>
   <subfield code="m">BOOK</subfield>
   <subfield code="q">Knihovna Žižkov - sklad</subfield>
   <subfield code="t">na 1 měsíc</subfield>
   <subfield code="u">UEP01</subfield>
   <subfield code="w">20240521</subfield>
  </datafield>
  <datafield tag="996" ind1=" " ind2=" ">
   <subfield code="1">PSTUD</subfield>
   <subfield code="3">F207213</subfield>
   <subfield code="4">N:P</subfield>
   <subfield code="5">3142246201</subfield>
   <subfield code="8">20100908</subfield>
   <subfield code="9">338.2JEN</subfield>
   <subfield code="f">81</subfield>
   <subfield code="g">24966</subfield>
   <subfield code="l">UEP01</subfield>
   <subfield code="m">BOOK</subfield>
   <subfield code="q">Studovna Žižkov</subfield>
   <subfield code="t">na 1 měsíc</subfield>
   <subfield code="u">UEP01</subfield>
   <subfield code="w">20110315</subfield>
  </datafield>
 </record>
</collection>
